[Event "Let's Play Chess!"]
[Site "http://www.queenalice.com/game.php?id=1081614"]
[Date "2012.7.11"]
[Round "-"]
[White "madriles"]
[Black "CastleMysterio"]
[Result "1-0"]
[WhiteElo "1814"]
[BlackElo "1195"]

1. d4 Nf6 2. c4 Nc6 3. Nc3 e6 4. a3 b6 5. Bg5 Be7 6. e4 d6 7. d5 Ne5 8. Nf3 exd5
9. Nxe5 dxe5 10. cxd5 O-O 11. Bc4 Bb7 12. O-O c6 13. Bxf6 Bxf6 14. d6 Re8 15.
Qd3 Qd7 16. Rad1 a6 17. f4 b5 18. Bb3 c5 19. Bc2 Bc6 20. Qg3 c4 21. Rf2 exf4 22.
Rxf4 Be5 23. Ne2 Bxf4 24. Qxf4 1-0

[Event "OS INCLIVEIS"]
[Site "http://www.queenalice.com/game.php?id=1081997"]
[Date "2012.7.12"]
[Round "-"]
[White "adelio"]
[Black "CastleMysterio"]
[Result "1/2-1/2"]
[WhiteElo "1697"]
[BlackElo "1100"]

1. d4 Nf6 2. c4 Nc6 3. f4 d5 4. e3 Bf5 5. Nc3 e6 6. c5 b6 7. h3 a6 8. g4 Be4 9.
Nf3 Bxf3 10. Qxf3 bxc5 11. h4 cxd4 12. g5 dxc3 13. gxf6 Qxf6 14. Rh2 cxb2 15.
Bxb2 Bb4+ 16. Kd1 Bc3 17. Rb1 Rb8 18. Qf2 a5 19. a4 O-O 20. Bb5 Nb4 21. Bxc3
Qxc3 22. Qd2 Qf6 23. Rc1 Qg6 24. Rg2 Qh5+ 25. Qe2 Qxh4 26. Kd2 Qe7 27. Qh5 g6
28. Rcg1 Qc5 29. Rxg6+ fxg6 30. Rxg6+ hxg6 31. Qxg6+ Kh8 32. Qh6+ Kg8 1/2-1/2

[Event "Let's Play Chess!"]
[Site "http://www.queenalice.com/game.php?id=1082004"]
[Date "2012.7.12"]
[Round "-"]
[White "CastleMysterio"]
[Black "plot24"]
[Result "0-1"]
[WhiteElo "1100"]
[BlackElo "1810"]

1. d4 d5 2. e4 e6 3. c4 dxe4 4. a3 Nf6 5. Nc3 c6 6. Bg5 Be7 7. Bxf6 Bxf6 8. Nge2
c5 9. d5 exd5 10. cxd5 O-O 11. g3 Bf5 12. Bg2 Re8 13. O-O a5 14. b4 axb4 15.
axb4 Rxa1 16. Qxa1 cxb4 17. Qc1 bxc3 18. Nxc3 Bxc3 19. Qxc3 Qxd5 20. Re1 Nd7 21.
Qf3 exf3 0-1

[Event "OS INCLIVEIS"]
[Site "http://www.queenalice.com/game.php?id=1082054"]
[Date "2012.7.12"]
[Round "-"]
[White "adelio"]
[Black "CastleMysterio"]
[Result "1/2-1/2"]
[WhiteElo "1687"]
[BlackElo "1100"]

1. f4 d5 2. d4 Bf5 3. e3 Nf6 4. h3 Ne4 5. Ne2 e6 6. h4 Be7 7. g3 Nxg3 8. Nxg3
Bxh4 9. Qf3 Be4 10. Nd2 Bxf3 11. Nxf3 Bxg3+ 12. Kd1 Bxf4 13. exf4 O-O 14. Be3 c5
15. a4 Qf6 16. Bd3 g6 17. Ke2 c4 18. Bxg6 fxg6 19. Rh6 Kg7 20. Rah1 Rh8 21. Ne5
a6 22. f5 Qxf5 23. Nxg6 Qxc2+ 24. Kf1 Nd7 25. Nf4 Raf8 26. R6h2 Qe4 27. Rg1+ Kf7
28. Ng2 Ke8+ 29. Bf4 Rhg8 30. Rh3 Qxd4 31. Re3 Rxf4+ 32. Nxf4 Rxg1+ 33. Kf2 Qd2+
34. Ne2 Qe1+ 35. Kf3 e5 36. Nxg1 Qxg1 37. Ke2 h5 38. Kd2 Qf2+ 39. Re2 Qxe2+ 40.
Kxe2 d4 41. Kf3 c3 42. bxc3 dxc3 43. Ke2 h4 44. Kd3 h3 45. Kxc3 h2 46. a5 h1=Q
47. Kd3 Qd5+ 48. Ke3 Qd4+ 49. Kf3 e4+ 50. Ke2 Qd3+ 51. Ke1 e3 1/2-1/2

[Event "Let's Play Chess!"]
[Site "http://www.queenalice.com/game.php?id=1082212"]
[Date "2012.7.13"]
[Round "-"]
[White "CastleMysterio"]
[Black "charles31"]
[Result "1-0"]
[WhiteElo "1100"]
[BlackElo "1844"]

1. d4 d5 2. e4 dxe4 3. Nc3 f5 4. Bc4 a6 5. Bg5 g6 6. Qe2 Qd6 7. O-O-O e6 8. h4
h6 9. Be3 b5 10. Bb3 c6 11. a3 a5 12. f3 exf3 13. Qxf3 b4 14. Bf4 Qd7 15. Nb5
bxa3 16. Nc7+ Kf7 17. Nxa8 axb2+ 18. Kb1 a4 19. Ba2 Qb7 20. Nc7 a3 21. d5 exd5
22. Nxd5 Be6 23. Ne2 Na6 24. Be5 Rh7 25. Ndf4 Bxa2+ 26. Kxa2 Ne7 27. Qg3 Qb5 28.
Bd6 Nb4+ 29. Bxb4 Qxb4 30. Rd4 Qc5 31. Qb3+ Nd5 32. Rhd1 Kf6 33. Nxd5+ cxd5 34.
Rxd5 Qc6 35. Nd4 Qa6 36. Rb5 Kg7 37. Rb7+ Kh8 38. Rxh7+ Kxh7 39. Qf7+ 1-0

[Event "Let's Play Chess!"]
[Site "http://www.queenalice.com/game.php?id=1082292"]
[Date "2012.7.13"]
[Round "-"]
[White "niclep"]
[Black "CastleMysterio"]
[Result "1-0"]
[WhiteElo "2070"]
[BlackElo "1197"]

1. e4 Nf6 2. e5 Nd5 3. d4 d6 4. exd6 exd6 5. c4 Nf6 6. h3 Bf5 7. Nc3 Nbd7 8. Nf3
Be7 9. Bd3 Bxd3 10. Qxd3 h6 11. Bf4 O-O 12. O-O Nb6 13. Rfe1 Re8 14. Re2 Bf8 15.
Rae1 Rxe2 16. Rxe2 1-0

[Event "Let's Play Chess!"]
[Site "http://www.queenalice.com/game.php?id=1082300"]
[Date "2012.7.13"]
[Round "-"]
[White "igorjava"]
[Black "CastleMysterio"]
[Result "1-0"]
[WhiteElo "1949"]
[BlackElo "1177"]

1. e4 Nf6 2. e5 Nd5 3. d4 d6 4. c4 Nb6 5. exd6 exd6 6. Nf3 Bg4 7. h3 Bh5 8. Bd3
f6 9. O-O Bf7 10. d5 Be7 11. Nc3 c6 12. Be4 Nxc4 13. dxc6 1-0

[Event "Let's Play Chess!"]
[Site "http://www.queenalice.com/game.php?id=1082301"]
[Date "2012.7.13"]
[Round "-"]
[White "CastleMysterio"]
[Black "igorjava"]
[Result "0-1"]
[WhiteElo "1175"]
[BlackElo "1951"]

1. d4 e6 2. e4 d5 3. c4 dxe4 4. a3 Nc6 5. Be3 Nf6 6. f3 exf3 7. Nxf3 Be7 8. Nc3
O-O 9. Bd3 b6 10. O-O Ng4 11. Qd2 Nxe3 12. Qxe3 Bb7 13. b4 Bf6 0-1

[Event "OS INCLIVEIS"]
[Site "http://www.queenalice.com/game.php?id=1082303"]
[Date "2012.7.13"]
[Round "-"]
[White "adelio"]
[Black "CastleMysterio"]
[Result "0-1"]
[WhiteElo "1634"]
[BlackElo "1100"]

1. d4 Nf6 2. c4 Nc6 3. a3 e5 4. Bg5 Nxd4 5. e3 Ne6 6. Bxf6 Qxf6 7. h4 e4 8. Nc3
Nc5 9. Rc1 d6 10. g4 Be6 11. Rc2 O-O-O 12. Nd5 Bxd5 13. cxd5 Nd7 14. g5 Qe7 15.
Bh3 g6 16. Qc1 Kb8 17. Rxc7 Bg7 18. Ne2 h6 19. Nd4 Bxd4 20. exd4 Rc8 21. Bxd7
Rxc7 22. Bc6 bxc6 23. dxc6 h5 24. d5 Rhc8 25. Rh3 Qe5 26. Rb3+ Ka8 27. Qd2 f5
28. Qb4 Qxd5 29. a4 Qxc6 30. Rc3 Qa6 31. Qd4 Rxc3 32. bxc3 Qb7 33. Qxd6 Qb1+ 34.
Ke2 Qc2+ 35. Kf1 Qd3+ 36. Qxd3 exd3 37. Ke1 Rxc3 38. Kd2 Ra3 39. a5 Rxa5 40.
Kxd3 Rc5 41. Kd4 Rc6 42. Kd5 Rb6 43. Kc5 Kb7 44. f4 a5 45. Kd5 a4 46. Kc5 a3 47.
Kd5 a2 48. Kc5 a1=Q 49. Kd5 Qe1 50. Kc5 Qd1 51. Kc4 Rc6+ 52. Kb5 Qb1+ 53. Ka4
Ra6# 0-1

[Event "Challenge"]
[Site "http://www.queenalice.com/game.php?id=1082304"]
[Date "2012.7.13"]
[Round "-"]
[White "CastleMysterio"]
[Black "adelio"]
[Result "1-0"]
[WhiteElo "1100"]
[BlackElo "1748"]

1. d4 d5 2. e4 e5 3. dxe5 d4 4. Nf3 c5 5. Bg5 Qa5+ 6. c3 h6 7. Bh4 g5 8. Bg3 Be6
9. Be2 Nc6 10. O-O Rd8 11. c4 Bg7 12. h3 Nge7 13. Nbd2 Ng6 14. Nb3 Qb6 15. a4
Ncxe5 16. Nxe5 Nxe5 17. Bxe5 Bxe5 18. Qc2 d3 19. Bxd3 h5 20. Rfb1 h4 21. Nd2 Qd6
22. Nf3 Bf4 23. Rd1 Qb8 24. Qc3 Ke7 25. b4 g4 26. hxg4 Bxg4 27. Be2 Bxf3 28.
Bxf3 Rdg8 29. Qd3 Qc7 30. bxc5 h3 31. g3 Bxg3 32. Kf1 Bxf2 33. Kxf2 h2 34. Rab1
Qxc5+ 35. Qd4 Qc7 36. e5 Rb8 37. Qf4 h1=Q 38. Bxh1 Qc5+ 39. Ke2 Rhd8 40. Rxb7+
Ke8 41. Qxf7# 1-0

[Event "AUTO-BEG-549"]
[Site "http://www.queenalice.com/game.php?id=1082975"]
[Date "2012.7.15"]
[Round "1"]
[White "Andre_ssp"]
[Black "CastleMysterio"]
[Result "0-1"]
[WhiteElo "1791"]
[BlackElo "1186"]

1. e4 Nf6 2. Nc3 d5 3. e5 Nfd7 4. d4 Nb6 5. b3 Bf5 6. g4 Bg6 7. Bg2 e6 8. Nge2
c5 9. dxc5 Bxc5 10. g5 Nc6 11. h4 Nxe5 12. f4 Nc6 13. Nb5 Nb4 14. Nbd4 Qc7 15.
c3 Bxd4 16. Nxd4 Qxc3+ 17. Qd2 Nd3+ 18. Kd1 Qxa1 19. f5 Qxd4 20. fxg6 fxg6 21.
Rh3 Nf2+ 22. Kc2 Qxd2+ 23. Bxd2 Nxh3 24. Bxh3 e5 25. Bc3 d4 26. Bb4 h6 27. gxh6
Rxh6 28. Bd6 Rxh4 29. Be6 e4 30. Be5 Ke7 31. Bc4 Nxc4 32. bxc4 Rc8 0-1

[Event "AUTO-BEG-549"]
[Site "http://www.queenalice.com/game.php?id=1082976"]
[Date "2012.7.15"]
[Round "1"]
[White "CastleMysterio"]
[Black "Andre_ssp"]
[Result "0-1"]
[WhiteElo "1187"]
[BlackElo "1761"]

1. d4 d5 2. e4 Nf6 3. e5 Nfd7 4. c4 dxc4 5. Bxc4 e6 6. Nf3 Nb6 7. Bb3 h6 8. O-O
Nd5 9. Bxd5 exd5 10. Nc3 Be6 11. Re1 a6 12. a4 Qd7 13. Bd2 Be7 14. Ne2 g5 15. h3
g4 16. hxg4 Bxg4 17. Nh2 Be6 18. Nf4 Nc6 19. Nxe6 Qxe6 20. Nf3 O-O-O 0-1

[Event "AUTO-BEG-549"]
[Site "http://www.queenalice.com/game.php?id=1082987"]
[Date "2012.7.15"]
[Round "1"]
[White "marconilho"]
[Black "CastleMysterio"]
[Result "1-0"]
[WhiteElo "1370"]
[BlackElo "1206"]

1. e4 Nf6 2. Bc4 Nxe4 3. Nf3 d5 4. Bb3 Nc6 5. a3 e5 6. d3 Nf6 7. Bd2 Be7 8. Nc3
Be6 9. h3 a6 10. Ne2 Qd7 11. Nh2 O-O-O 12. Ba2 1-0

[Event "AUTO-BEG-549"]
[Site "http://www.queenalice.com/game.php?id=1082988"]
[Date "2012.7.15"]
[Round "1"]
[White "CastleMysterio"]
[Black "marconilho"]
[Result "0-1"]
[WhiteElo "1185"]
[BlackElo "1379"]

1. d4 e6 2. e4 Be7 3. c4 Na6 4. Nf3 h6 5. e5 b6 6. g3 Bb4+ 7. Bd2 Bb7 8. Bg2 Rb8
9. O-O Ne7 10. a3 Bxd2 11. Qxd2 c6 12. b4 d5 13. cxd5 cxd5 14. b5 Nc7 0-1

[Event "REVANCHE"]
[Site "http://www.queenalice.com/game.php?id=1083874"]
[Date "2012.7.18"]
[Round "-"]
[White "Genjuro_Kibagami"]
[Black "CastleMysterio"]
[Result "1-0"]
[WhiteElo "1244"]
[BlackElo "1199"]

1. e4 Nf6 2. e5 Nd5 3. d4 d6 4. Nf3 Nc6 5. Bb5 Bd7 6. c4 Nb6 7. exd6 exd6 8. O-O
Be7 9. d5 Nb8 10. Qb3 O-O 11. Be3 Qe8 12. Nc3 Bf6 13. Bxb6 axb6 14. Rfe1 Qc8 15.
Ne4 Be7 16. Nfg5 Bxg5 17. Nxg5 h6 18. Nf3 Bxb5 19. Qxb5 Ra5 20. Qb4 Qd8 21. a3
c5 22. Qb3 Nd7 23. Qd3 Re8 24. Rxe8+ Qxe8 25. Re1 1-0

[Event "OS INCLIVEIS"]
[Site "http://www.queenalice.com/game.php?id=1086365"]
[Date "2012.7.24"]
[Round "-"]
[White "adelio"]
[Black "CastleMysterio"]
[Result "1-0"]
[WhiteElo "1751"]
[BlackElo "1137"]

1. f4 d5 2. d4 Nf6 3. c4 e6 4. a3 a5 5. Nc3 c5 6. e3 Nc6 7. Nf3 Be7 8. h4 h5 9.
Ra2 Bd7 10. b3 cxd4 11. exd4 O-O 12. f5 Re8 13. Ng5 exf5 14. Be2 Bc8 15. c5 g6
16. Qd3 Ne4 17. Ncxe4 fxe4 18. Qg3 Nxd4 19. Bb2 Bxc5 20. Bxh5 Bd6 21. Qf2 Nxb3
22. Qxf7# 1-0

[Event "Challenge"]
[Site "http://www.queenalice.com/game.php?id=1086374"]
[Date "2012.7.24"]
[Round "-"]
[White "Shizumaru_Hisame"]
[Black "CastleMysterio"]
[Result "1-0"]
[WhiteElo "1675"]
[BlackElo "1186"]

1. d4 Nf6 2. c4 Nc6 3. Bf4 e6 4. d5 exd5 5. cxd5 Ne7 6. d6 Ned5 7. dxc7 Nxc7 8.
Nf3 Nfd5 9. Bg5 f6 10. Bd2 Bb4 11. e3 Bxd2+ 12. Qxd2 Nb6 13. g3 d5 14. Bd3 O-O
15. O-O Re8 16. Qc2 g6 17. Rc1 Ne6 18. h4 Bd7 19. h5 Rc8 20. Nc3 Nf8 21. hxg6
hxg6 22. Bxg6 Re7 23. Kg2 Be8 24. Bd3 Rg7 25. Rh1 1-0

[Event "Challenge"]
[Site "http://www.queenalice.com/game.php?id=1089656"]
[Date "2012.8.2"]
[Round "-"]
[White "CastleMysterio"]
[Black "adelio"]
[Result "1-0"]
[WhiteElo "1186"]
[BlackElo "1731"]

1. d4 d5 2. e4 a6 3. c4 Nf6 4. exd5 Bd7 5. Nc3 b5 6. cxb5 axb5 7. Nf3 Qc8 8. Bg5
h6 9. Bxf6 gxf6 10. Bxb5 Bg7 11. Bxd7+ Qxd7 12. O-O O-O 13. Re1 Ra6 14. a4 c6
15. dxc6 Nxc6 16. Rb1 f5 17. b4 Nxd4 18. Kh1 Rg6 19. Ne5 Bxe5 20. Rxe5 Rd8 21.
Rd5 Rd6 22. Qxd4 Rxd5 23. Nxd5 Qxd5 24. Qxd5 Rxd5 25. a5 f4 26. f3 e5 27. b5 f5
28. a6 e4 29. a7 Rd8 30. b6 e3 31. b7 Kf7 32. a8=Q Rxa8 33. bxa8=Q Kg6 34. Kg1
Kh5 35. Kf1 Kh4 36. Rb4 Kg5 37. Qb8 h5 38. Qxf4+ Kg6 39. Rb6+ Kg7 40. Qc7+ Kf8
41. Rb8# 1-0

[Event "Let's Play Chess!"]
[Site "http://www.queenalice.com/game.php?id=1090016"]
[Date "2012.8.4"]
[Round "-"]
[White "CastleMysterio"]
[Black "spawnwolfwolverine"]
[Result "0-1"]
[WhiteElo "1173"]
[BlackElo "1749"]

1. d4 d5 2. Nc3 e6 3. Nf3 Bb4 4. Bd2 Nf6 5. e3 O-O 6. Bd3 b6 7. Ne2 Bxd2+ 8.
Qxd2 Ba6 9. Bxa6 Nxa6 10. Ng3 c5 11. c3 c4 0-1